Asia Geography Quiz #2 - Statistics

General Stats
  • This quiz has been taken 48,740 times
    21,731 since last reset
  • The average score is 14 of 20
Answer Stats
Question Answer % Correct
What are the two highest mountains in the world? Mount Everest
99%
Besides a star, what object appears on the flag of Turkey and Pakistan? Crescent
90%
What is the capital of Turkey? Ankara
89%
What are the two highest mountains in the world? K2
87%
What sea does Azerbaijan border? Caspian Sea
81%
What city has been home to martial arts actors Bruce Lee, Jackie Chan, and Chow Yun-fat? Hong Kong
79%
What is the largest city where Hindi is the most common language? Delhi
78%
Besides humans, what is the only great ape that is native to Asia? Orangutan
77%
Which Asian country has the highest population density? Singapore
75%
What country has been ruled by Bashar al-Assad since 2000? Syria
74%
What language is also known as Farsi? Persian
73%
What is the name for the region that includes Vietnam, Cambodia, and Laos? Indochina
71%
What city in Japan is famous for beef? Kobe
70%
What is the most populous city in Pakistan? Karachi
66%
What region of China can be found along most of the border with Mongolia? {Inner} Mongolia
63%
What sea touches Yemen, Oman, Pakistan, and India? Arabian Sea
60%
What is the currency of South Korea? Won
53%
What is the largest island in the Philippines? Luzon
52%
What region, starting with the letter P, is shared by India and Pakistan? Punjab
50%
What city on the Yangtze river delta has a name which means "Southern Capital" in the Chinese language? Nanjing
38%
No matching quizzes found
Score Distribution
Percent of People with Each Score
Percentile by Number Answered
Your Score History
You have not taken this quiz since the last reset